000 00692 a2200181 4500
020 _a0521873428
020 _a9780521873420
082 _a530.13
090 _c1126
_d1126
100 1 _aKardar, Mehran.
245 1 0 _aStatistical physics of particles /
_cMehran Kardar.
260 _a[S.l.] :
_bCambridge University Press,
_c2007.
300 _a330 p. ;
_c25 cm.
700 _aKardar, Mehran.
942 _aSNS
_cBK
_k530.13 KAR
999 _c29741
_d29741